000 00888nam a2200265 i 4500
001 000033202
003 DO-SdBNP
005 20231016152621.0
007 ta
008 110822s1955 dr 000 0 spa d
040 _aDO-SdBNP
_bspa
_cBNPHU
_erda
049 _aBNPD
082 4 _222
100 1 _aCodero Infante, J. R.,
_958839
_eautor
245 1 0 _aTrujillo y la iglesia :
_bdesde las leyes de India al concordato /
_cJ. R. Cordero Infante.
264 _aCiudad Trujillo, República Dominicana :
_bImpresora Dominicana,
_c1955.
300 _a23 páginas ;
_c23 cm.
336 _2rdacontent
_atexto
_btxt
337 _2rdamedia
_asin mediación
_bn
338 _2rdacarrier
_avolumen
_bnc
500 _aConferencia pronunciada en el palacio del Partido Dominicana para iniciar el ciclo de conferencias
590 _aInventariado, 2023/BT
910 _aBtavárez
942 _2ddc
_cLF2
999 _c32693
_d32693